Esculturas de Picasso (Record no. 147937)

MARC details
000 -LEADER
campo de control de longitud fija 00518nam a2200169 4500
001 - NÚMERO DE CONTROL
campo de control 147937
003 - IDENTIFICADOR DE NÚMERO DE CONTROL
campo de control ES-MaACL
005 - FECHA Y HORA DE LA ÚLTIMA TRANSACCIÓN
campo de control 20230906202337.0
007 - CAMPO FIJO DE DESCRIPCIÓN FÍSICA--INFORMACIÓN GENERAL
campo de control de longitud fija t|
008 - DATOS DE LONGITUD FIJA--INFORMACIÓN GENERAL
campo de control de longitud fija 070214s1971 sp r ||||1| spa d
100 1# - ENTRADA PRINCIPAL--NOMBRE DE PERSONA
Nombre de persona Spies, Werner.
9 (RLIN) 107723
245 10 - MENCIÓN DEL TÍTULO
Título Esculturas de Picasso
Resto del título : obra completa /
Mención de responsabilidad, etc. Werner Spies ; versión de Gisela Rutziel.
260 ## - PUBLICACIÓN, DISTRIBUCIÓN, ETC.
Lugar de publicación, distribución, etc. Barcelona :
Nombre del editor, distribuidor, etc. Gustavo Gili,
Fecha de publicación, distribución, etc. 1971.
300 ## - DESCRIPCIÓN FÍSICA
Extensión 330 p., 108 lám. ;
Dimensiones 30 cm.
700 1# - ENTRADA AGREGADA--NOMBRE PERSONAL
Nombre de persona Rutziel, Gisela.
9 (RLIN) 101078
852 ## - LOCALIZACIÓN
Ubicación ES-MaACL
Número de control de estantería C-42184
Sublocalización o colección R.80706
Holdings
Estatus retirado Estado de pérdida Estado de daño No para préstamo Biblioteca de origen Biblioteca actual Ubicación en estantería Fecha de adquisición Fuente de adquisición Total de préstamos Signatura topográfica completa Código de barras Visto por última vez Precio de reemplazo Tipo de ítem Koha
        Biblioteca del Ateneo de Madrid Biblioteca del Ateneo de Madrid Depósito 2 17/01/2008     C-42184 1154390 23/02/2023 23/02/2023 Libro impreso